| 000 | 01425 am a2200385ua 4500 | ||
|---|---|---|---|
| 999 |
_c28267 _d28238 |
||
| 001 | 008065189 | ||
| 003 | EG-ScBUE | ||
| 005 | 20200308114330.0 | ||
| 008 | 030217t2003 nyua f 001 0 eng d | ||
| 020 | _a0471231193 | ||
| 040 |
_aDLC _beng _erda _cDLC _dUk _dEG-ScBUE |
||
| 082 | 0 | 4 |
_a515 _bSAL _222 |
| 100 | 1 | 0 |
_aSalas, Saturnino L., _eauthor. |
| 245 | 1 | 0 |
_aCalculus : _bone variable / _cSalas, Hille, Etgen. |
| 250 | _aNinth edition. | ||
| 250 | _aInternational edition. | ||
| 264 | 1 |
_aNew York : _bJohn Wiley & Sons, Inc., _c[2003] |
|
| 264 | 4 | _cc2003 | |
| 300 |
_a1 volume (various pagings) : _billustrations ; _c28 cm |
||
| 336 |
_atext _2rdacontent _btxt |
||
| 337 |
_aunmediated _2rdamedia _bn |
||
| 338 |
_avolume _2rdacarrier _bnc |
||
| 500 | _aRev. ed. of: Calculus : one variable. 8th ed. / rev. by Garret J. Etgen. c1999. | ||
| 500 | _aIncludes index. | ||
| 520 | _aOffers students an understanding of calculus and insight into mathematics. This book includes problem sets which give relevance to calculus. | ||
| 650 | 7 |
_aCalculus. _2BUEsh |
|
| 653 |
_bGGEN _cMarch2020 |
||
| 655 |
_vReading book _934232 |
||
| 700 | 1 |
_aHille, Einar, _d1894-1979, _eauthor. _926126 |
|
| 700 | 1 |
_aEtgen, Garret J., _eauthor. _926127 |
|
| 886 | 2 |
_2ukmarc _a900 _b10 _aSalas _hS. L. _kSaturnino L. _xSee _aSalas, Saturnino L. _z100 |
|
| 942 |
_2ddc _cBB |
||